000 00277nam a2200109 4500
999 _c9817
_d9817
008 180718b ||||| |||| 00| 0 eng d
245 _aThe devant habit.
260 _aPhilippines
_bManila Bulletin
_cc2016
300 _apage C4.
650 0 _929064
_aTechnology.
942 _2ddc
_cPER